=LDR 00000nam 2200000 4500 =001 INLIS000000000039267 =005 20200205095432 =035 ##$$a 0010-061300000039267 =008 200205################g##########0#ind## =041 ##$$a 1 =090 ##$$a 005.5, Ent s =100 1#$$a Enterprise, Jubilee =245 1#$$a Seri penuntun visual Dreamweaver CS3 /$c Jubilee Enterprise =650 #4$$a Dreamweaver CS - Program Komputer =850 ##$$a NBPNMAT =020 ##$$a 978-979-27-1647-4 =082 ##$$a 005.5 =084 ##$$a 005.5 ENT s =260 ##$$a Jakarta :$b Gramedia,$c 2007 =300 ##$$a xiii, 218 hlm. : $b ilus. ; $c 14x21 cm. =990 ##$$a 21105093 =990 ##$$a 21105094 =990 ##$$a 21105095